00696nam a2200169Ia 4500003000400000008004100004082001500045100001800060245006100078260002700139300000800166650001600174942001200190999001500202952015500217952015400372OSt191201s2016 xx 000 0 und d a005.1bMOE aMOAVENI,Sqeed 0aEngineering Fundamentals: An Introduction to Engineering bCengage Learningc2016 a700 aB.Tech(CSE) 2ddccBK c6971d6971 00102ddc40708BTECHCSEaPIETbPIETd2020-07-21eKirti Prakashang625.00kIN 3910l0o005.1 MOEp30979r2019-12-04 00:00:00v437.50w2019-05-18yREF 00102ddc40708BTECHCSEaPIETbPIETd2020-07-21eKirti Prakashang625.00kIN 3910l0o005.1 MOEp30980r2019-12-04 00:00:00v437.50w2019-05-18yBK